01444 a2200169 45000010006000000050017000060080041000230030015000640400040000790800033001192450050001522640064002023000019002665050964002850410008012491000017012575455920260407155819.0260407a1961 arg spa dAR-UNSa-BCEJYS aAR-UNSa-BCEJYSbspacAR-UNSa-BCEJYS a658.011.56xAutomatización10aConsecuencias económicas de la automación 1aBuenos Aires :bTEA (Tipográfica Editora Argentina)c1961 a294 p.c21 cm. a1. ¿Qué significa Automación? - 2. Avance tecnológico - 3. Los límites de la automación - 4. La economía de la automación - 5. Algunos problemas económicos prácticos - 6. Producción con un exceso de ocupación - 7. ¿La automación trerá desocupación? - 8. Producción expansiva - 9. ¿Deflación o inflación? - 10. El triángulo salarios-ganancias-precios - 11. Necesidades de capital - 12. ¿Dejaron de existir los ciclos económicos - 13. La política monetaria en la era de la automación - 14. Problemas de la balanza de pagos - 15. La amenaza de la escasez de materias primas - 16. Consideraciones en materia fiscal - 17. Políticas de salarios - 18. ¿Control o libertad? - 19. Consideraciones sociales - 20. Cómo afecta a los países subdesarrollados - 21. El impacto de la automación sobre la defensa nacional - 22. Ventajas de la automación - 23. Desventajas de la automación - 24. ¿Qué debe hacerse? aspa1 aEinzig, Paul